03331nam a2200325 i 4500003000500000005001700005008004100022040002700063090002400090100003100114245020200145260007300347300001700420336002100437337002500458338002300483502010100506504004200607520189600649700003602545700003802581700003702619720003702656720004502693720003702738720004302775942004202818952012802860999001702988CSPC20260226091347.0260225s2025 ph a b 000 0 eng d aCSPCbeng cCSPCerda  aUTH BSOA T111e 20251 aTabal, Myka B., eauthor. 10aEnhancing relationship management through office administration among small enterprises in Buhi, Camarines Sur / cMyka B. Tabal, Mary Jane N. Sarto, Chemie Ann H. Casyao, and Mary Joy A. Taduran.  aBuhi, Camarines Sur : bCamarines Sur Polytechnic Colleges, c2025.  a126 leaves.  2rdacontentatext 2rdamediaaunmediated 2rdacarrieravolume aUndergraduate Thesis (BSOA)- Office Administration. cCamarines Sur Polytechnic Colleges, 2025.  aIncludes bibliographical references. 3 aThis study aims to examine the Supplier Relationship Management (SRM) practices of Small Enterprises (SEs) in Buhi, Camarines Sur, and how office administration functions can enhance these practices. It explores the role of communication, order and delivery management, and terms and conditions in supplier relations, while also assessing the effectiveness of records monitoring, stock management, and supplier negotiations in supporting business operations. Furthermore, it identifies the challenges faced by SEs in managing supplier relationships and consider strategies to strengthen SRM for long-term sustainability. The descriptive design was used, with 48 respondents from selected Small Enterprises engaged in supplier coordination, who were selected using non-probability convenience sampling, utilizing a research-made questionnaire as the primary tool. The study concluded that the respondents generally show competence in responsiveness and honoring contractual terms, but systematic tracking and two-way communications remain limited. Administrative functions were found effective, particularly in records upkeep and inventory management, through supplier negotiations were often based on experience rather than formal training. Challenges highlighted include reliance on a single supplier, limited supplier options in the locality, and structural constraints in procurement practices. Based on these findings, the researchers proposed a comprehensive action plan for SEs, focusing on formalizing documentation processes, enhancing communication flow, minimizing supply risks through supplier diversification and structured monitoring, and institutionalizing negotiation practices. The proposed action plan is design to improve efficiency, reduce supplier-related risks, and ensure the resilience, sustainability, and competitiveness of Small Enterprises in Buhi, Camarines Sur. 1 aSarto, Mary Jane N., eauthor. 1 aCasyao, Chemie Ann H., eauthor. 1 aTaduran, Mary Joy A., eauthor. 1 aAdriano, Rolando B., eadviser. 1 aInfante, Leonisa O., epanelist, chair. 1 aVillar, Mariber M., epanelist. 1 aLuzon, Niño Jeffrey L., epanelist.  2ddcn0cUMhT111e iBSOA kUTH m2025 00102ddc4070aBUHIbBUHIcUTHd2026-02-23l0oUTH BSOA T111e 2025p00288UM-BUHr2026-02-25 00:00:00t1-1w2026-02-25yUM c31902d31902